Statistiken für Eratte die Manchester United Aufstellung

Klicken Sie hier um das Quiz zu spielen!

Allgemein

  • Dieses Quiz wurde 48 mal gespielt
  • Das Durchschnittsergebnis liegt bei 11 aus 11

Antwortstatistiken

NationalitätAntwort% Korrekt
EnglandMaguire
100%
EnglandShaw
100%
EnglandMainoo
100%
EnglandRashford
100%
ArgentinienGarnacho
98%
FrankreichVarane
98%
PortugalDalot
98%
PortugalFernandes
98%
SchottlandMctominay
98%
DänemarkHojlund
96%
KamerunOnana
83%

Verteilung der Resultate

Perzentil nach korrekt beantworteten Fragen

Anzahl Personen mit jedem Resultat

Ihre Resultats-Entwicklung

Sie haben dieses Quiz noch nicht gespielt